000 00651nam a22002297a 4500
003 UA-OsUOA
001 95609
007 ta
008 20130305b un ||||| |||| 00| 0 ukr d
100 _aКожевников В.
090 _a821.161.1
_bК58
942 _cBK
040 _aUA-OsUOA
_brus
_cUA-OsUOA
_dUA-OsUOA
245 _aПолюшко-поле
_bповести и рассказы
300 _a430 с.
955 _a3
041 _arus
080 _a821.161.1
260 _aМ.
_bХудожественая литература
_c1982
650 7 _a82 Література. Літературознавство
_2UDC
999 _c381858
_d381858